000 00434nmm a2200145Ia 4500
008 251105s9999||||xx |||||||||||||||||und||
041 _aspa
100 _aRomero, Antonia
245 0 _aLos vampiros originales. El quinto sello III
264 _a[Madrid, España] :
_bEdiciones B,
_c2016
300 _a368 páginas
650 _aTeen & Young Adult Fiction
856 _uhttps://public.digitaliapublishing.com/a/53817
942 _cCF
999 _c106116
_d106116